| 000 | 00329nam a22001337a 4500 | ||
|---|---|---|---|
| 005 | 20240108114041.0 | ||
| 008 | 240108b ||||| |||| 00| 0 eng d | ||
| 040 | _cAL | ||
| 041 | _aEnglish | ||
| 082 |
_223 _a658.5 _bLEVP |
||
| 100 |
_aLevin and others _9147631 |
||
| 245 | _aProductions operations management | ||
| 942 |
_2ddc _cBK |
||
| 999 |
_c229592 _d229592 |
||